| 000 | 01559nam0a2200373 4500 | ||
|---|---|---|---|
| 001 | RU\NLR\BIBL_A\012503250 | ||
| 005 | 20210701135106.0 | ||
| 010 |
_a978-5-04-108762-3 _93000 |
||
| 021 |
_aRU _bКН-П-20-080082 _9КН-П-20-6074 |
||
| 035 | _a(NLR Aleph) 012503250 | ||
| 035 | _a(RuMoRGB)010516160 | ||
| 090 |
_a12240492 _c12240492 |
||
| 100 | _a20210414d2021 b y0rusy50 ca | ||
| 101 | 1 |
_arus _cchi |
|
| 102 | _aRU | ||
| 105 | _aa|||z|||000ay | ||
| 181 | 0 |
_ai _baxxe |
|
| 182 | 0 | _an | |
| 200 | 1 |
_aКак мышонок ответ искал _e[для дошкольного возраста _eтекст для чтения взрослыми детям] _fГао Хунбо _g[перевод с китайского Дарьи Фёдоровой] _gхудожник Чэн Сысинь |
|
| 203 |
_aТекст _bвизуальный _cнепосредственный |
||
| 210 |
_aМосква _c#эксмодетство _cЭксмо _d2021 [т.е. 2020] |
||
| 215 |
_a31, [1] с. _cцв. ил. _d22 |
||
| 300 | _aФактическая дата выхода в свет - 2020 | ||
| 333 | _a0+; 6- | ||
| 686 | 0 | _aШ9(5Кит)60-4 | |
| 700 | 0 |
_aГао Хунбо _f1951- _3RU\NLR\AUTH\770231730 |
|
| 702 | 0 |
_aЧэн Сысинь _4040 |
|
| 702 | 1 |
_aФёдорова _bД. В. _cпереводчик _gДарья Вячеславовна _3RU\NLR\AUTH\770230472 _4730 |
|
| 942 | _cBOOK | ||
| 980 | _aNB | ||